Airports Codes - Statistics

General Stats
  • This quiz has been taken 43 times
    33 since last reset
  • The average score is 77 of 130
Answer Stats
Code City % Correct
LHR London
93%
MEX Mexico
93%
MIA Miami
93%
BOM Mumbai
93%
SYD Sydney
93%
AMS Amsterdam
89%
ATL Atlanta
89%
BKK Bangkok
89%
CDG Paris
89%
PHX Phoenix
89%
TLV Tel Aviv
89%
VIE Vienna
89%
WAW Warsaw
89%
CAI Cairo
85%
DOH Doha
85%
HEL Helsinki
85%
HKG Hong Kong
85%
IST Istanbul
85%
LAS Las Vegas
85%
LAX Los Angeles
85%
MAD Madrid
85%
OSL Oslo
85%
SEA Seattle
85%
TPE Taipei
85%
YYZ Toronto
85%
ZRH Zurich
85%
BRU Brussels
81%
BUD Budapest
81%
CUN Cancun
81%
CPT Cape Town
81%
ORD Chicago
81%
HAV Havana
81%
HNL Honolulu
81%
MNL Manilla
81%
MXP Milan
81%
PER Perth
81%
SIN Singapore
81%
ATH Athens
78%
AKL Auckland
78%
BCN Barcelona
78%
PEK Beijing
78%
BER Berlin
78%
BOG Bogota
78%
CPH Copenhagen
78%
DXB Dubai
78%
DUB Dublin
78%
FRA Frankfurt
78%
JNB Johannesburg
78%
LIM Lima
78%
LIS Lisbon
78%
MAN Manchester
78%
NBO Nairobi
78%
DEL New Delhi
78%
NCE Nice
78%
KUL Kuala Lumpur
74%
FCO Rome
74%
SFO San Francisco
74%
NRT Tokyo
74%
YVR Vancouver
74%
DFW Dallas
70%
ANC Anchorage
67%
GVA Geneva
67%
EWR New York
67%
GIG Rio
67%
GRU Sao Paulo
67%
ADL Adelaide
63%
MEL Melbourne
63%
YUL Montreal
63%
ICN Seoul
63%
CCS Caracas
59%
FLL Fort Lauderdale
59%
SJC San Jose
59%
ARN Stockholm
59%
ZNZ Zanzibar
59%
HAN Hanoi
56%
HER Heraklion
56%
PDX Portland
56%
SJO San Jose
56%
EZE Buenos Aires
52%
GUA Guatemala
52%
SGN Ho Chi Minh
52%
LYS Lyon
52%
AUH Abu Dhabi
48%
DTW Detroit
48%
KEF Reykjavik
48%
SJU San Juan
48%
ADD Addis Ababa
44%
CTA Catania
44%
CMB Colombo
44%
RUH Riyad
44%
WDH Windhoek
44%
BLQ Bologna
41%
CBR Canberra
41%
CMN Casablanca
41%
GOI Goa
41%
CGK Jakarta
41%
KTW Katowice
41%
RAK Marrakesh
41%
SLC Salt Lake City
41%
WLG Wellington
41%
CLT Charlotte
37%
PTY Panama
37%
YQB Quebec
37%
RBA Rabat
37%
PVG Shanghai
37%
YEG Edmonton
33%
KIN Kingston
33%
LCA Larnaca
33%
UIO Quito
33%
BSB Brasilia
30%
LPA Las Palmas
30%
VNO Vilnius
30%
DRW Darwin
26%
ITM Osaka
26%
SCL Santiago
26%
BRI Bari
22%
FAI Fairbanks
22%
MBA Mombasa
22%
ACA Acapulco
19%
TNR Antananarivo
19%
DSS Dakar
19%
DAD Da Nang
15%
LAP La Paz
15%
KUT Kutaisi
11%
IKA Teheran
11%
CKG Chongqing
7%
GOH Nuuk
7%
VFA Victoria's Falls
7%
EBB Kampala
4%
PRY Pretoria
4%
No matching quizzes found
Score Distribution
Percent of People with Each Score
Percentile by Number Answered
Your Score History
You have not taken this quiz since the last reset